000 00491nam a22001697a 4500
005 20251108171058.0
008 250721s9999 xx 000 0 ara d
082 1 4 _aط/211.2/فتح
100 1 _aالخولي، فتحي أحمد
245 1 0 _aقواعد الترتيل /
264 _bدار الدعوة للطبع والنشر والتوزيع،
_c[19-].
300 _a15ص
650 1 7 _aالقرآن الكريم
650 1 7 _aالتجويد
942 _2ddc
_cBK
999 _c56061
_d56061